Подробности
| 000 -МАРКЕР |
| контрольное поле |
02389nam2a22004091 4500 |
| 001 - ИДЕНТИФИКАТОР ЗАПИСИ |
| контрольное поле |
v19\rc\1525459 |
| 005 - ИДЕНТИФИКАТОР ВЕРСИИ |
| контрольное поле |
20260406090018.0 |
| 035 ## - ДРУГИЕ СИСТЕМНЫЕ НОМЕРА |
| Идентификатор записи |
(NLR Aleph) 004646938 |
| 100 ## - ДАННЫЕ ОБЩЕЙ ОБРАБОТКИ |
| Данные общей обработки |
20060620d1886 |||y0rusy50 ca |
| 101 0# - ЯЗЫК РЕСУРСА |
| Язык текста, звукозаписи и т.д. |
русский |
| 102 ## - СТРАНА ПУБЛИКАЦИИ ИЛИ ПРОИЗВОДСТВА |
| Страна публикации |
Российская Федерация |
| 105 ## - ПОЛЕ КОДИРОВАННЫХ ДАННЫХ: ТЕКСТОВЫЕ МАТЕРИАЛЫ, МОНОГРАФИЧЕСКИЕ |
| Кодированные данные о монографическом текстовом документе |
c z |||a| |
| 200 1# - ЗАГЛАВИЕ И СВЕДЕНИЯ ОБ ОТВЕТСТВЕННОСТИ |
| Основное заглавие |
Московский крестьянин-мыслитель Иван Тихонович Посошков (1665-1726) |
| -- |
Нижегородский механик-самоучка Иван Петрович Кулибин (1735-1818) |
| -- |
Арзамасский мещанин-иконописец Александр Васильевич Ступин (1776-1861) |
| -- |
Ярославский крестьянин-стихотворец Федор Никифорович Слепушкин (1786-1848) |
| -- |
Курский астроном-самоучка Федор Алексеевич Семенов (1794-1860)] |
| 210 ## - ПУБЛИКАЦИЯ, РАСПРОСТРАНЕНИЕ И ДР. |
| Дата издания, распространения и т.д. |
1886 |
| Место издания, распространения и т.д. |
Б. м. |
| 215 ## - ФИЗИЧЕСКАЯ ХАРАКТЕРИСТИКА |
| Специфическое обозначение материала и объем |
164 с., 4 л. портр. |
| 320 ## - ПРИМЕЧАНИЯ О НАЛИЧИИ В ДОКУМЕНТЕ БИБЛИОГРАФИИ / УКАЗАТЕЛЯ |
| Текст примечания |
Библиогр. в конце каждого очерка |
| 461 #0 - УРОВЕНЬ НАБОРА |
| Встроенное поле |
001v19\rc\1525458 |
| -- |
2001#$aСамоучки$fСобр. И.С. Ремезов. [Вып. 1]-$v[Вып. 1 |
| -- |
700#1$aРемезов$bИ.С.$f1828-1901$gИван Сократович |
| Системный номер (АБИС) связанной записи |
3369892 |
| Автор |
Ремезов, И.С. (1828-1901) |
| Место публикации |
Санкт-Петербург |
| Дата публикации |
1886 |
| Первые сведения об ответственности |
Собр. И.С. Ремезов. [Вып. 1]- |
| Имя издателя, распространителя и т.д. |
тип. А.С. Суворина |
| Заглавие |
Самоучки |
| Номер тома |
[Вып. 1 |
| 702 #1 - ИМЯ ЛИЦА - ВТОРИЧНАЯ ОТВЕТСТВЕННОСТЬ |
| Начальный элемент ввода |
Посошков |
| Часть имени, кроме начального элемента ввода |
И.Т. |
| Даты |
1665-1726 |
| Расширение инициалов личного имени |
Иван Тихонович |
| Код отношения |
Прочие |
| 702 #1 - ИМЯ ЛИЦА - ВТОРИЧНАЯ ОТВЕТСТВЕННОСТЬ |
| Код отношения |
Прочие |
| Графика поля |
Кириллица |
| Материалы, к которым относится поле |
rus |
| Начальный элемент ввода |
Кулибин |
| Часть имени, кроме начального элемента ввода |
И. П. |
| Дополнения к именам, кроме дат |
изобретатель |
| Даты |
1735-1818 |
| Расширение инициалов личного имени |
Иван Петрович |
| Идентификатор авторитетной/нормативной записи |
RU\NLR\auth\7756742 |
| Системный номер авторитетной/нормативной записи |
39674 |
| 702 #1 - ИМЯ ЛИЦА - ВТОРИЧНАЯ ОТВЕТСТВЕННОСТЬ |
| Начальный элемент ввода |
Ступин |
| Часть имени, кроме начального элемента ввода |
А.В. |
| Даты |
1776-1861 |
| Расширение инициалов личного имени |
Александр Васильевич |
| Код отношения |
Прочие |
| 702 #1 - ИМЯ ЛИЦА - ВТОРИЧНАЯ ОТВЕТСТВЕННОСТЬ |
| Код отношения |
Прочие |
| Материалы, к которым относится поле |
rus |
| Графика поля |
Кириллица |
| Начальный элемент ввода |
Слепушкин |
| Часть имени, кроме начального элемента ввода |
Ф. Н. |
| Даты |
ок.1788-1848 |
| Расширение инициалов личного имени |
Федор Никифорович |
| Идентификатор авторитетной/нормативной записи |
RU\NLR\AUTH\7756757 |
| Системный номер авторитетной/нормативной записи |
39689 |
| 702 #1 - ИМЯ ЛИЦА - ВТОРИЧНАЯ ОТВЕТСТВЕННОСТЬ |
| Начальный элемент ввода |
Семенов |
| Часть имени, кроме начального элемента ввода |
Ф.А. |
| Даты |
1794-1860 |
| Расширение инициалов личного имени |
Федор Алексеевич |
| Код отношения |
Прочие |
| 801 #0 - ИСТОЧНИК ЗАПИСИ |
| Страна |
Российская Федерация |
| Организация |
NLR |
| Правила каталогизации |
psbo |
| 801 #0 - ИСТОЧНИК ЗАПИСИ |
| Страна |
Российская Федерация |
| Организация |
RuMoRGB |
| Источник данных |
psbo |
| 801 #1 - ИСТОЧНИК ЗАПИСИ |
| Страна |
Российская Федерация |
| Организация |
ProSoft-M |
| Источник данных |
rusmarc |
| 852 ## - МЕСТОНАХОЖДЕНИЕ И ШИФР ХРАНЕНИЯ |
| Идентификатор организации |
NLR |
| Шифр хранения (Call Number) |
18.169.5.41а |
| 852 ## - МЕСТОНАХОЖДЕНИЕ И ШИФР ХРАНЕНИЯ |
| Идентификатор организации |
NLR |
| Шифр хранения (Call Number) |
127/3315 |
| 899 ## - ДАННЫЕ О МЕСТОНАХОЖДЕНИИ (устаревшее) |
| Местонахождение |
RuMoRGB |
| Шифр хранения |
U 131/652 |
| 899 ## - ДАННЫЕ О МЕСТОНАХОЖДЕНИИ (устаревшее) |
| Местонахождение |
RuMoRGB |
| Шифр хранения |
Рб 25/364 |
| 899 ## - ДАННЫЕ О МЕСТОНАХОЖДЕНИИ (устаревшее) |
| Местонахождение |
RuMoRGB |
| Шифр хранения |
T 32/162 |
| 899 ## - ДАННЫЕ О МЕСТОНАХОЖДЕНИИ (устаревшее) |
| Местонахождение |
БАН |
| 899 ## - ДАННЫЕ О МЕСТОНАХОЖДЕНИИ (устаревшее) |
| Местонахождение |
ГПИБ |
| 899 ## - ДАННЫЕ О МЕСТОНАХОЖДЕНИИ (устаревшее) |
| Местонахождение |
НБ МГУ |
| 942 ## - ДОПОЛНИТЕЛЬНЫЕ ЭЛЕМЕНТЫ ЗАПИСИ (АБИС) |
| Тип экземпляра АБИС |
Книга |
| 980 ## - КОЛЛЕКЦИЯ |
| Название коллекции |
Национальная библиография |